Para impartir la educación en libertad: aproximación a la ciencia de la cultura y de la educación
Uloženo v:
| Hlavní autor: | |
|---|---|
| Médium: | Kniha |
| Jazyk: | španělština |
| Vydáno: |
Pamplona
Verbo Divino
1993
|
| Edice: | Colección para leer-comprender-vivir
|
| Témata: | |
| Tagy: |
Přidat tag
Žádné tagy, Buďte první, kdo vytvoří štítek k tomuto záznamu!
|
MARC
| LEADER | 00000nam a2200000 a 4500 | ||
|---|---|---|---|
| 001 | UCX7438 | ||
| 003 | CL-VaPUC | ||
| 008 | 931210e19930000SP |||||||||||||||||spa|d | ||
| 020 | |a 8471518759 | ||
| 082 | 0 | 4 | |a 370.112 |b JER |2 21 |
| 100 | |a Jerez Mir, Rafael |e author |9 578646 | ||
| 245 | 1 | 0 | |a Para impartir la educación en libertad: aproximación a la ciencia de la cultura y de la educación |
| 300 | |a 277 p | ||
| 942 | |c BK | ||
| 945 | |d 19931210 00:00:00 |a rbrito | ||
| 260 | |a Pamplona |b Verbo Divino |c 1993 | ||
| 650 | 0 | |a Filosofía de la educación |9 258384 | |
| 650 | 0 | |a Libertad de enseñanza |9 311567 | |
| 583 | |a last modification |c 20120711 10:45:58 |k Rodrigo Vera | ||
| 490 | 0 | |a Colección para leer-comprender-vivir | |
| 999 | |c 227257 |d 227255 | ||
| 952 | |0 0 |1 2 |4 0 |6 370_112000000000000_JER_1993 |7 0 |8 A |9 226150 |a BIBTEO |b BIBTEO |d 2019-11-15 |i 2953072 |o 370.112 JER 1993 |p 2953072 |r 2019-11-15 |w 2019-11-15 |x Descarte 2019 |y BK |k ICR | ||
| 952 | |0 0 |1 0 |4 0 |6 370_112000000000000_JER_1993 |7 0 |8 A |9 226151 |a BIBTEO |b BIBTEO |d 2019-11-15 |i 3417816 |o 370.112 JER 1993 |p 3417816 |r 2025-01-17 |w 2019-11-15 |y BK |k ICR | ||
| 952 | |0 0 |1 0 |4 0 |6 370_112000000000000_JER_1993 |7 0 |8 A |9 226152 |a BIBTEO |b BIBTEO |d 2019-11-15 |i 4049942 |o 370.112 JER 1993 |p 4049942 |r 2025-01-17 |w 2019-11-15 |y BK |k ICR | ||